000 00419nam a2200169Ia 4500
005 20250423095008.0
008 250422s9999 xx 000 0 und d
020 _a0- 7600- 1090- 0
050 _aQA 76.9 .D26/
100 _aPeter Rob
245 0 _aDatabase systems: design, implementation, and management
250 _a4th ed.
260 _bThompson Learning
260 _c2000
300 _a750 p
942 _cBK
999 _c28919
_d28919